000 00292nam a22001217a 4500
999 _c12133
_d12133
082 _a938.05
100 _aProfessor Dr. M. Nawaz Mehsood
245 _aWaziristan Kal, Aaj aur
260 _aSargodha
_bUniversity of Sargodha
_c2015
300 _a306
650 _aEnglish Fiction
942 _cBK